• 首页
  • 本馆介绍
  • 公告通知
  • 最新文献
  • 馆藏检索
  • 电子资源
  • 读者导购
  • 参考咨询
  • 我的图书馆
  • 登录
  • 详细信息显示
  • 放入我的书架
  • 预约/预借图书
  • 作者相关作品
  • 分类相关作品
  • 丛书相关作品
  • 出版社相关作品

书目信息

  • 表格格式
  • 工作单格式
  • 卡片格式
题名:
基因论
    
 
作者: 摩根 著 ;刘守旭 译
分册:  
出版信息: 北京   北京理工大学出版社  2017
页数: 322页
开本: 24cm
丛书名: 世界经典科普读本
单 册:
中图分类: Q343.1
科图分类:
主题词: 基因--ji yin--理论
电子资源:
ISBN: 978-7-5682-4185-4
000 01432cam 2200325 450
001 012001002479
005 20140101113300.0
010    @a978-7-5682-4185-4@dCNY38.00
099    @aCAL 012017136193
100    @a20170828d2017 em y0chiy50 ea
101 1  @achi@ceng
102    @aCN@b110000
105    @aa a 000yy
106    @ar
200 1  @a基因论@Aji yin lun@d= The theory of the gene@f(美) 托马斯·亨特·摩尔根著@g刘守旭译@zeng
210    @a北京@c北京理工大学出版社@d2017
215    @a322页@c图@d24cm
225 2  @a世界经典科普读本@Ashi jie jing dian ke pu du ben
314    @a托马斯·亨特·摩尔根, 美国进化生物学家、遗传学家、胚胎学家。刘守旭, 吉林大学硕士, 现任吉林省实验中学教师。
314    @a责任者Morgan规范汉译姓: 摩根
320    @a有书目 (第268-322页)
330    @a《基因论》全面阐述了摩尔根的基因论 (染色体遗传理论) , 其内容包括遗传学的基本原理、遗传的机制、突变的起源、染色体畸变、基因和染色体在性别决定方面的作用等。不但总结了摩尔根小组自己的遗传研究成果, 而且对当时已经发现的重要遗传学现象都做出了解释。本书是孟德尔-摩尔根学派观点的系统展现, 其理论是遗传学发展史上的一次大飞跃。
410  0 @12001 @a世界经典科普读本
500 10 @aTheory of the gene@mChinese
606 0  @a基因@Aji yin@x理论
690    @aQ343.1@v5
701  1 @a摩根@Amo gen@g(Morgan, Thomas Hunt),@f1866-1945@4著
702  0 @a刘守旭@Aliu shou xu@4译
801  0 @aCN@b北京卓展@c20191020
905    @b1203589-92@dQ343.1@e83@f4
    
    基因论= The theory of the gene/(美) 托马斯·亨特·摩尔根著/刘守旭译.-北京:北京理工大学出版社,2017
    322页:图;24cm.-(世界经典科普读本)
    
    
    ISBN 978-7-5682-4185-4:CNY38.00
    《基因论》全面阐述了摩尔根的基因论 (染色体遗传理论) , 其内容包括遗传学的基本原理、遗传的机制、突变的起源、染色体畸变、基因和染色体在性别决定方面的作用等。不但总结了摩尔根小组自己的遗传研究成果, 而且对当时已经发现的重要遗传学现象都做出了解释。本书是孟德尔-摩尔根学派观点的系统展现, 其理论是遗传学发展史上的一次大飞跃。
●
相关链接 在E读中查询图书 在五车中查询图书 在当当中查询图书 在豆瓣中查询图书


正题名:基因论     索取号:Q343.1/83         预约/预借

序号 登录号 条形码 馆藏地/架位号 状态 备注
1 1203589   212035894   第二样本阅览室/ [索取号:Q343.1/83] 在馆    
2 1203590   212035901   第三借阅区/ [索取号:Q343.1/83] 在馆    
3 1203591   212035910   第三借阅区/ [索取号:Q343.1/83] 在馆    
4 1203592   212035929   第三借阅区/ [索取号:Q343.1/83] 在馆    
唐山师范学院图书馆 欢迎您!
大连网信软件有限公司© 版权所有